[Event "Santa Maria op 4th"]
[Site "Santa Maria"]
[Date "2023.11.25"]
[Round "3"]
[White "Porto, Davi Miller"]
[Black "Righi, Luiz Antonio"]
[Result "0-1"]
[WhiteElo "1793"]
[BlackElo "1690"]
[PlyCount "118"]
[EventDate "2023.11.24"]
[EventType "swiss"]
[EventRounds "6"]
[EventCountry "BRA"]
[SourceTitle "CB49_2023"]
[SourceDate "2023.12.06"]
[SourceVersion "1"]
[SourceVersionDate "2023.12.06"]
[SourceQuality "1"]

1. e4 e5 2. Nf3 Nc6 3. Bc4 Be7 4. d3 d6 5. Be3 Nf6 6. h3 Be6 7. Bb3 h6 8. Nc3 Bxb3 9. axb3 d5 10. exd5 Nxd5 11. d4 Nxe3 12. fxe3 exd4 13. exd4 Bh4+ 14. Kf1 0-0 15. Ne2 Bf6 16. Kf2 a6 17. Re1 Ne7 18. g4 Ng6 19. Kg2 Nh4+ 20. Nxh4 Bxh4 21. Ng3 Bf6 22. c3 Re8 23. Rxe8+ Qxe8 24. Qf3 c6 25. b4 Qe6 26. Ne4 Bh4 27. Qf5 Qb3 28. Rf1 Qxb2+ 29. Kg1 Rf8 30. Qh5 Qe2 31. Qxh4 Qxe4 32. Qe1 Qd3 33. Kg2 Qc4 34. Rf3 Qd5 35. Kf2 Qd8 36. Rd3 Qf6+ 37. Rf3 Qh4+ 38. Rg3 Qg5 39. Qe3 Qd8 40. Qd3 Re8 41. Re3 Rxe3 42. Qxe3 Qb8 43. Qe5 Qxe5 44. dxe5 Kf8 45. Ke3 Ke7 46. Kd4 b6 47. c4 Ke6 48. h4 Kd7 49. g5 hxg5 50. hxg5 a5 51. bxa5 bxa5 52. g6 fxg6 53. Kc5 a4 54. e6+ Kxe6 55. Kxc6 a3 56. Kb7 a2 57. c5 a1Q 58. c6 Qh1 59. Kb6 Kd6 0-1

[Event "Santa Maria op 4th"]
[Site "Santa Maria"]
[Date "2023.11.24"]
[Round "1"]
[White "Pereira, Armando Scharlau"]
[Black "Porto, Davi Miller"]
[Result "1-0"]
[WhiteElo "1535"]
[BlackElo "1793"]
[PlyCount "85"]
[EventDate "2023.11.24"]
[EventType "swiss"]
[EventRounds "6"]
[EventCountry "BRA"]
[SourceTitle "CB49_2023"]
[SourceDate "2023.12.06"]
[SourceVersion "1"]
[SourceVersionDate "2023.12.06"]
[SourceQuality "1"]

1. d4 d5 2. Nf3 Nf6 3. g3 Bf5 4. Bg2 e6 5. 0-0 Bd6 6. c4 c6 7. c5 Bc7 8. b4 Nbd7 9. Bb2 0-0 10. Nbd2 Re8 11. Nh4 b6 12. Nxf5 exf5 13. e3 Rb8 14. Rb1 bxc5 15. bxc5 Ba5 16. Nb3 Ne4 17. Qd3 Rb5 18. Rfd1 Ndf6 19. f3 Ng5 20. Qxf5 h6 21. h4 Ngh7 22. e4 g6 23. Qf4 Bc7 24. e5 Nf8 25. Qxf6 Qxf6 26. exf6 Bxg3 27. Bf1 Rbb8 28. Bc1 Kh7 29. h5 Nd7 30. hxg6+ fxg6 31. Kg2 Bh4 32. Bf4 Rbd8 33. Na5 Bxf6 34. Nxc6 Rc8 35. Rb7 Rxc6 36. Rxd7+ Re7 37. Rxe7+ Bxe7 38. Be5 Ra6 39. Rd2 Rc6 40. Rb2 Kg8 41. Bd3 Kf7 42. Rb8 g5 43. Bb5 1-0